Sombreros y Tocados en el Perú : (Record no. 22870)

000 -CABECERA
fixed length control field 01095nam a22002417i 4500
003 - IDENTIFICADOR DEL NÚMERO DE CONTROL
control field AR-CdUCM
008 - DATOS DE LONGITUD FIJA--INFORMACIÓN GENERAL
fixed length control field 240507b20182018 pe||||| |||| 00| 0 spa d
020 ## - NÚMERO INTERNACIONAL ESTÁNDAR DEL LIBRO
ISBN 978-612-00-3498-9
040 ## - FUENTE DE LA CATALOGACIÓN
Agencia/entidad que catalogó originalmente la obra MUNICIPALIDAD PROVINCIAL DEL CUSCO
Entidad que transcribió la catalogación BIBLIOTECA MUNICIPAL DEL CUSCO
082 ## - NÚMERO DE LA CLASIFICACIÓN DECIMAL DEWEY
No. de Clasificación 301.500985 / B12S
Notacion interna B12S
100 ## - ENTRADA PRINCIPAL--NOMBRE DE PERSONA
Nombre Personal Baca Polanco, Amparo.
245 ## - MENCIÓN DE TÍTULO
Título Sombreros y Tocados en el Perú :
Resto del título un encuentro con la identidad y diversidad cultural /
260 ## - PUBLICACIÓN, DISTRIBUCIÓN, ETC.
Lugar de publicación, distribución, etc. Lima :
Fecha de publicación, distribución, etc. 2018
300 ## - DESCRIPCIÓN FÍSICA
Nº de Páginas Extensión 198 páginas. :
Dimensiones 23 cm.
500 ## - NOTA GENERAL
Bibliografía Bibliografía: páginas 189 - 198
505 ## - NOTA DE CONTENIDO CON FORMATO
Nota de contenido formateada Los tocados de ayer y hoy -- Los tocados en el antiguo Perú -- El arte amazónico y sus tocados -- Los tocados regionales contemporáneos -- El sombrero en la Colonia y República -- Sombreros regionales -- Artesanos sombrereros
650 ## - PUNTO DE ACCESO ADICIONAL DE MATERIA--TÉRMINO DE MATERIA
Descriptor La identidad a través de los sombreros, monteras y chullos
9 (RLIN) 49720
650 ## - PUNTO DE ACCESO ADICIONAL DE MATERIA--TÉRMINO DE MATERIA
Descriptor Lenguaje simbólico del sombrero
9 (RLIN) 49721
650 ## - PUNTO DE ACCESO ADICIONAL DE MATERIA--TÉRMINO DE MATERIA
Descriptor Confección del sombrero
9 (RLIN) 49722
700 ## - PUNTO DE ACCESO ADICIONAL--NOMBRE DE PERSONA
Nombre Personal Peralta Flores, Mirta
9 (RLIN) 49723
942 ## - ELEMENTOS DE PUNTO DE ACCESO ADICIONAL (KOHA)
Fuente de clasificación
Tipo de item Libros-BMC
945 ## - PROCESAMIENTO DE INFORMACIÓN LOCAL (OCLC)
Catalogador pbj
AAAA-MM-DD - Fecha de ingreso o modificacion 2024-05-07
Holdings
Estado de retiro (separado) Fuente de clasificación o esquema de estanterías Estado dañado Ubicación Sala donde se ubica Nombre de la colección Fecha de adquisición o compra Fuente de adquisición Costo, precio normal en soles Signatura topográfica Código de Barras Última vez visto (Koha) Tipo de ítem (Koha)
No     Sala Humanidades Sala Humanidades Book Cart 2024-05-07 Depósito Legal 20.00 301.500985 / B12S SH0000016700 2024-05-07 Libros-BMC
No     Sala Humanidades Sala Humanidades Book Cart 2024-05-07 Depósito Legal 20.00 301.500985 / B12S / e.2 SH0000016701 2024-05-07 Libros-BMC

Powered by Koha